000 00629nam a2200193Ia 4500
003 GCL
008 140319s9999 xx 000 0 ara d
040 _aGCL /
_cGCL
082 0 4 _a001.5
_bم ر
100 1 _aمحمد على العوينى
245 1 0 _aرسائل جامعية فى الاعلام /
_cمحمد على العوينى
260 _aالقاهرة :
_bمكتبة الانجلوالمصرية ،
_c1990
300 _a243 ص ؛
_c24 سم
490 _a
650 0 4 _aالجامعات والكليات
650 0 4 _aالرسائل الجامعية
650 0 4 _aالدرجات العلمية
942 _2ddc
_cBK
999 _c41643
_d41643